| 000 | 00377nam a22001457a 4500 | ||
|---|---|---|---|
| 003 | MACL | ||
| 005 | 20170609121301.0 | ||
| 008 | 170609b xxu||||| |||| 00| 0 eng d | ||
| 040 | _cMACL | ||
| 100 |
_aBeri Meenakshi _936596 |
||
| 245 | _a|Disaster Management In India | ||
| 260 |
_aAllahabad _bAradhana Publication _c2014 |
||
| 650 |
_aEnvironment _967394 |
||
| 942 |
_2ddc _cBK |
||
| 999 |
_c56491 _d56491 |
||